Auditoria un enfoque integral./ (Registro nro. 8928)

Detalles MARC
000 -LEADER
fixed length control field 01476nam a2200205Ia 4500
005 - FECHA Y HORA DE LA ÚLTIMA TRANSACCIÓN
control field 20250503084351.0
008 - FIXED-LENGTH DATA ELEMENTS--GENERAL INFORMATION
fixed length control field 230814s9999 xx 000 0 und d
020 ## - INTERNATIONAL STANDARD BOOK NUMBER
International Standard Book Number 9584100394
040 ## - CATALOGING SOURCE
Original cataloging agency UPAN
Transcribing agency Biblioteca San Vicente
Description conventions RCAA2
041 ## - LANGUAGE CODE
Language code of text/sound track or separate title spa
082 ## - DEWEY DECIMAL CLASSIFICATION NUMBER
Classification number 657.45
Item number W458a
año de publicación 2000
100 ## - MAIN ENTRY--PERSONAL NAME
Personal name Whittington, O. Ray
Relator code aut.
245 #0 - TITLE STATEMENT
Title Auditoria un enfoque integral./
Remainder of title O. Ray Whittington
250 ## - EDITION STATEMENT
Edition statement 12° ed.
260 ## - PUBLICATION, DISTRIBUTION, ETC. (IMPRINT)
Place of publication, distribution, etc Colombia
Name of publisher, distributor, etc Mc Graw Hill
Date of publication, distribution, etc 2000
300 ## - PHYSICAL DESCRIPTION
Extent 624 p.
Dimensions 27 cm.
505 ## - FORMATTED CONTENTS NOTE
Formatted contents note 1. Papel del auditor en la economía.<br/>2. Normas profesionales.<br/>3. Ética profesional.<br/>4. Responsabilidad legal de los auditores.<br/>5. Evidencia de auditoria.<br/>6. Planificación de la auditoria: diseño de programas de auditoria.<br/>7. Control interno.<br/>8. Consideración del control interno en un entorno de computador.<br/>9. Muestreo de auditoria.<br/>10. Papeles de trabajo de auditoria: examen de los registros generales.<br/>11. Efectivo y títulos-valores negociables.<br/>12. Cuentas y documentos por cobrar, y transacciones de ventas.<br/>13. Inventarios y costo de los bienes vendidos.<br/>14. Propiedad, planta y equipo: depreciación y agotamiento.<br/>15. Cuentas por pagar y otros pasivos.<br/>16. Deuda de capital.<br/>17. Auditoria de los resultados operacionales y terminación de la auditoria.<br/>18. Informe de los auditores.<br/>19. Otros servicios de atestación y contabilidad.<br/>20. Auditorias interna, operacional y de cumplimiento.
700 ## - ADDED ENTRY--PERSONAL NAME
Personal name Kurt Pany
Relator code aut.
942 ## - ADDED ENTRY ELEMENTS (KOHA)
Koha item type Libros
Source of classification or shelving scheme Dewey Decimal Classification
Existencias
Withdrawn status Lost status Source of classification or shelving scheme Damaged status Not for loan Collection code Home library Current library Date acquired Total Checkouts Full call number Barcode Date last seen Copy number Price effective from Koha item type
    Dewey Decimal Classification     Colección General Biblioteca UPAN San Vicente Biblioteca UPAN San Vicente 14/08/2023   657.45 W458a 12001621 14/08/2023 02 14/08/2023 Libros
    Dewey Decimal Classification     Colección General Biblioteca UPAN San Vicente Biblioteca UPAN San Vicente 02/05/2025   657.45 W458a 12001620 02/05/2025 01 02/05/2025 Libros